Pokemon Attacken der 3. Generation - Statistiken

Allgemein
  • Dieses Quiz wurde 183 mal gespielt
    179 seit der letzten Aktualisierung
  • Das Durchschnittsergebnis liegt bei 39 aus 103
Antwortstatistiken
Typ Attacke % Korrekt
Drache Drachenklaue
80%
Feuer Eruption
77%
Eis Eiseskälte
73%
Drache Drachentanz
70%
Wasser Lehmbrühe
70%
Wasser Taucher
70%
Flug Aero-Ass
67%
Wasser Fontränen
63%
Pflanze Laubklinge
63%
Psycho Gedankengut
60%
Eis Hagelsturm
60%
Boden Lehmschuss
60%
Elektro Schockwelle
60%
Normal Entfessler
57%
Normal Fassade
57%
Feuer Feuerfeger
57%
Geist Finsterfaust
57%
Normal Horter
57%
Feuer Irrlicht
57%
Kampf Protzer
57%
Unlicht Abschlag
53%
Eis Frostbeule
53%
Feuer Hitzekoller
53%
Elektro Ladevorgang
53%
Boden Lehmsuhler
53%
Wasser Aquawelle
50%
Stahl Eisenabwehr
50%
Gestein Felsgrab
50%
Normal Schallwelle
50%
Normal Jauler
47%
Wasser Aquahaubitze
43%
Kampf Armstoß
43%
Pflanze Fauna-Statue
43%
Kampf Himmelhieb
43%
Pflanze Nietenranke
43%
Normal Verzehrer
43%
Feuer Hitzewelle
40%
Feuer Lohekanonade
40%
Normal Mogelhieb
40%
Wasser Nassmacher
40%
Normal Rechte Hand
40%
Boden Sandgrab
40%
Stahl Sternenhieb
40%
Pflanze Verwurzler
40%
Flug Windschnitt
40%
Pflanze Zauberblatt
40%
Psycho Kosmik-Kraft
37%
Gestein Felswurf
37%
Pflanze Kugelsaat
37%
Unlicht Memento-Mori
37%
Normal Meteorologe
37%
Käfer Silberhauch
37%
Normal Taumeltanz
37%
Unlicht Verhöhner
37%
Käfer Ampelleuchte
33%
Normal Aufruhr
33%
Eis Eisspeer
33%
Normal Gähner
33%
Normal Geheimpower
33%
Normal Natur-Kraft
33%
Kampf Power-Punch
33%
Normal Riechsalz
33%
Psycho Scheinwerfer
33%
Normal Wunschtraum
33%
Kampf Durchbruch
30%
Unlicht Folterknecht
30%
Gift Giftschweif
30%
Stahl Kismetwunsch
30%
Kampf Kraftkoloss
30%
Pflanze Aromakur
27%
Normal Bezirzer
27%
Stahl Metallsound
27%
Gift Giftzahn
27%
Psycho Psyschub
27%
Unlicht Übernahme
27%
Elektro Volttackle
27%
Psycho Wertewechsel
27%
Psycho Nebelball
23%
Normal Rückentzug
23%
Käfer Schweifglanz
23%
Psycho Sondersensor
23%
Flug Sprungfeder
23%
Normal Zermalmklaue
23%
Geist Erstauner
20%
Psycho Magiemantel
20%
Normal Schnüffler
20%
Normal Tagedieb
20%
Psycho Trickbetrug
20%
Normal Zuschuss
20%
Psycho Begrenzer
17%
Flug Daunenreigen
17%
Geist Nachspiel
17%
Pflanze Grasflöte
17%
Unlicht Trugträne
17%
Normal Notsituation
13%
Unlicht Schmeichler
13%
Normal Spotlight
13%
Normal Tarnung
13%
Kampf Vergeltung
13%
Normal Aufbereitung
10%
Normal Heilung
10%
Psycho Rollentausch
10%
Normal Spaßkanone
7%
Keine übereinstimmenden Quizze gefunden
Verteilung der Resultate
Anzahl Personen mit jedem Resultat
Perzentil nach korrekt beantworteten Fragen
Ihre Resultats-Entwicklung
Sie haben dieses Quiz seit der letzten Aktualisierung nicht gespielt